000 00509nam a2200217Ia 4500
003 OSt
005 20220928142928.0
006 a|||||r|||| 00| 0
007 ta
008 220927b |||||||| |||| 00| 0 eng d
024 _a20224
037 _cTextual
040 _aSDCL
_cSDCL
_beng
041 _2eng
_aeng
082 _aB6, M3
100 _aRees Elmer G
_9503970
245 0 _aNotes on geometry.
260 _c1983
942 _hB6, M3
_cTEXL
_2CC
999 _c822360
_d822360